000
00327nam a22001457a 4500
008
230404b ||||| |||| 00| 0 eng d
020
_a
9780761126768
041
_a
eng
080
_a
159.9
082
_a
159.9PIS
100
_a
25
101
_a
PSI
245
_a
TAKE A LOAD OFF YOUR HEART
_c
PISCATELLA.C.J
942
_2
udc
_c
BK
999
_c
59494
_d
59494